| 000 | 00867nas a2200301 4500 | ||
|---|---|---|---|
| 001 | BR9002325 | ||
| 003 | BR-BrBNA | ||
| 005 | 20231205091851.0 | ||
| 007 | ta | ||
| 008 | 230509b bl.|||p| |||| 00| 00por d | ||
| 040 |
_aBR-BrBNA _bpor _cBiblioteca Nacional de Agricultura |
||
| 041 | _a(Pt) | ||
| 072 | _aP35; F03; F30 | ||
| 100 | 1 | _aCampos, I.S. | |
| 100 | 1 | _aAssuncao, M.V. | |
| 245 | 1 | _aEfeitos do cloreto de sodio na germinacao e vigor de plantulas de arroz | |
| 650 | _aARROZ | ||
| 650 | _aPLANTULA | ||
| 650 | _aCLORETO DE SODIO | ||
| 650 | _aSOLO | ||
| 650 | _aSALINIDADE | ||
| 650 | _aGERMINACAO | ||
| 650 | _aVARIEDADE RESISTENTE | ||
| 650 | _aCEARA | ||
| 773 | 0 |
_tPesquisa Agropecuaria Brasileira (Brazil) _xISSN 0100-204X _g(Jun 1990), v. 25(6) p. 837-843 _wBR9002325 |
|
| 909 |
_a202311 _bLúcia _c55 _dLúcia Elande |
||
| 942 |
_2AGRIS _n0 _cANA |
||
| 999 |
_c127841 _d127841 |
||